Aviones de la Guerra Fría, 1945-1991 / (Record no. 119911)
[ view plain ]
| 000 -LEADER | |
|---|---|
| campo de control de longitud fija | 01750 a2200325 4500 |
| 003 - IDENTIFICADOR DE NÚMERO DE CONTROL | |
| campo de control | BJBSDDR |
| 005 - FECHA Y HORA DE LA ÚLTIMA TRANSACCIÓN | |
| campo de control | 20240423124440.0 |
| 007 - CAMPO FIJO DE DESCRIPCIÓN FÍSICA--INFORMACIÓN GENERAL | |
| campo de control de longitud fija | ta |
| 008 - DATOS DE LONGITUD FIJA--INFORMACIÓN GENERAL | |
| campo de control de longitud fija | 230719s2011 sp 00| 0 spa d |
| 020 ## - NÚMERO INTERNACIONAL ESTÁNDAR DEL LIBRO | |
| Número Internacional Estándar del Libro | 9788466222419 |
| 020 ## - NÚMERO INTERNACIONAL ESTÁNDAR DEL LIBRO | |
| Número Internacional Estándar del Libro | 8466222413 |
| 040 ## - FUENTE DE CATALOGACIÓN | |
| Centro catalogador/agencia de origen | BJBSDDR |
| Lengua de catalogación | spa |
| Centro/agencia transcriptor | BJBSDDR |
| 041 ## - CÓDIGO DE IDIOMA | |
| Código de lengua del texto/banda sonora o título independiente | spa |
| Código de lengua original | eng |
| 050 14 - SIGNATURA TOPOGRÁFICA DE LA BIBLIOTECA DEL CONGRESO | |
| Número de clasificación | UG 1240 |
| Número de ítem | N542a 2011 |
| 100 1# - ENTRADA PRINCIPAL--NOMBRE DE PERSONA | |
| Nombre de persona | Newdick, Thomas |
| 9 (RLIN) | 31418 |
| 240 10 - TÍTULO UNIFORME | |
| Título uniforme | Aircraft of the Cold War, 1945-1991. |
| Lenguaje de la obra | Español |
| 245 10 - MENCIÓN DEL TÍTULO | |
| Título | Aviones de la Guerra Fría, 1945-1991 / |
| Mención de responsabilidad, etc. | Thomas Newdick ; [Traducción: José Luis Tamayo e Inés Martín]. |
| 260 ## - PUBLICACIÓN, DISTRIBUCIÓN, ETC. | |
| Lugar de publicación, distribución, etc. | Madrid : |
| Nombre del editor, distribuidor, etc. | Editorial LIBSA, |
| Fecha de publicación, distribución, etc. | 2011. |
| 300 ## - DESCRIPCIÓN FÍSICA | |
| Extensión | 192 páginas : |
| Otras características físicas | ilustraciones ; |
| Dimensiones | 28 cm. |
| 440 0# - MENCIÓN DE SERIE/PUNTO DE ACCESO ADICIONAL--TÍTULO | |
| Título | Guía esencial de identificación de aeronaves |
| 9 (RLIN) | 31420 |
| 500 ## - NOTA GENERAL | |
| Nota general | En la portada : Fichas de Tecnología Militar Aérea |
| 505 0# - NOTA DE CONTENIDO CON FORMATO | |
| Nota de contenido con formato | Europa--El poder aéreo en el mar--Bombaderos estratégicos y defensa aérea--Reconocimiento estratégico--Oriente Medio--Africa-- El sur de Asia-- Extremo Oriente--Latinoamérica--Alianzas mundiales--índice. |
| 520 ## - RESUMEN, ETC. | |
| Sumario, etc. | Ilustrado con detallados dibujos artísticos de aviones de combate con sus marcas, este volumen constituye un estudio exhaustivo de los aviones en servicio de la OTAN y el Pacto de Varsovia y de sus respectivas unidades desde el final de la II Guerra Mundial hasta la reunificación de Alemania. Cada perfil de avión va acompañado de una ficha con todas sus características, los detalles de marcas de aviones específicas y de unidades aéreas. |
| 650 #4 - PUNTO DE ACCESO ADICIONAL DE MATERIA--TÉRMINO DE MATERIA | |
| Término de materia o nombre geográfico como elemento de entrada | Aviones militares |
| Subdivisión general | Historia |
| 9 (RLIN) | 35440 |
| Subdivisión cronológica | Siglo XX |
| 650 #4 - PUNTO DE ACCESO ADICIONAL DE MATERIA--TÉRMINO DE MATERIA | |
| Término de materia o nombre geográfico como elemento de entrada | Guerra fría |
| 9 (RLIN) | 3650 |
| 700 1# - ENTRADA AGREGADA--NOMBRE PERSONAL | |
| Nombre de persona | Tamayo Monedero, José Luis |
| 9 (RLIN) | 35441 |
| Término indicativo de función/relación | traductor |
| 700 1# - ENTRADA AGREGADA--NOMBRE PERSONAL | |
| Nombre de persona | Martín, Inés |
| 9 (RLIN) | 35442 |
| Término indicativo de función/relación | traductora |
| 942 ## - ELEMENTOS DE ENTRADA SECUNDARIOS (KOHA) | |
| Fuente del sistema de clasificación o colocación | Clasificación de Library of Congress |
| Tipo de ítem Koha | Libro |
| 946 ## - PROCESAMIENTO DE INFORMACIÓN LOCAL (OCLC) | |
| Iniciales del agente catalogador | rmza |
| Estatus retirado | Estado de pérdida | Fuente del sistema de clasificación o colocación | Estado de daño | No para préstamo | Colección | Biblioteca de origen | Biblioteca actual | Ubicación en estantería | Fecha de adquisición | Signatura topográfica completa | Código de barras | Visto por última vez | Copia número | Tipo de ítem Koha |
|---|---|---|---|---|---|---|---|---|---|---|---|---|---|---|
| Clasificación de Library of Congress | Recursos Regionales | Biblioteca Juan Bosch | Biblioteca Juan Bosch | Recursos Regionales (2do. Piso) | 19/07/2023 | UG 1240 N542a 2011 | 00000170890 | 19/07/2023 | 1 | Libro |
